Las Leyendas Nunca Mueren 2 - Anuel AA - Statistics

General Stats
  • This quiz has been taken 23 times
  • The average score is 18 of 33
Answer Stats
Hint Answer % Correct
5.ft. Bryant Myers Hoodie
100%
20.ft. Lil Durk 1ro
88%
25.ft. RobGz Airbnb
88%
12.ft. Treintisiete, Yailin la mas Viral Del Kilo
88%
15.ft. Foreign Teck EL NENE
88%
4.ft. Jowell & Randy, De La Ghetto, Yailin la mas Viral La Maquina
88%
7.ft. Kodak Black, Ñengo Flow Sufro
88%
3.ft. David Guetta Vibra
88%
8. Las Jordans
75%
32.ft. Zion, Randy Malo
75%
21.ft. Nicky Jam Mientes
75%
33. Brother
63%
1. BRRR
63%
31. Nosotros
63%
9.ft. DaBaby Wakanda
63%
2. Borracha & Loca
50%
29. Corone
50%
14. Mintiendo
50%
18. Monstruo
50%
17. Teteo
50%
22. 40
38%
27. Anuel & Emmanuel
38%
26. Ascensor
38%
13. Contra la Corriente
38%
23. La 2blea
38%
19. Mercedes Tintia
38%
24. Sin Ti
38%
30. Tiene Novio
38%
28. Tu Lo Sabes
38%
11. Me Siento HP
25%
16. ft. YOVNGCHIMI Diamantes en mi Dientes
13%
6. Si Yo Me Muero
13%
10. Somo Asi
13%
No matching quizzes found
Score Distribution
Percent of People with Each Score
Percentile by Number Answered
Your Score History
You have not taken this quiz